01493nam a2200313 i 4500001001000000003001000010005001700020007000300037008004100040020001500081040004700096041000800143082002000151110004100171245012500212264005900337300002600396336002700422337003300449338002800482505042900510563001400939653002500953700003300978942000701011945001201018952013201030999001701162768714001CO-MdFUSB20220216131243.0ta220216t1993 ck ab||| |||| 00| 0 spa d a9582101210 aCO-MdFUSBbspacCO-MdFUSBdCO-MdFUSBCerda aspa 223a398.2bC961 aInstituto Lingüístico de verano  aCuando no había agua y otras leyendas indígenasc/ Instituto Lingüístico de Verano ; compilado por Janet Barnes. 0aBogotá, Colombia :bAlberto Lleras Camargo, c[1993] a66 páginasc; 23 cm 2rdacontentatextobtxt 2rdamediaasin mediaciónbn 2rdacarrieravolumenbnc aCuando no había agua: Koreguaje. -- El enano: Yucuna. -- El mirapalcielo: Tuyuca. -- El sapo y el conejo: Guambiano. -- El sapo y la lagartija:Tucano. -- El venado: Retuará. -- La historia del fuego: Guahibo(Sikuani). -- La historia de Vátbocu: Taibano. -- La tortuga: Wanano. -- Una nutria se casa con una mujer indigena: Epena. -- Un muerto que se llevó a su esposa: Siriano. -- Un relato del arcoíris: Camnsá. aRústico aLeyendas indígenas 96188aBarnes, Janet, eautor cBK aJTF-925 00102ddc40708GENaFUSBCbFUSBCd2022-02-16l0oG 398.2 C961cp10129r2022-02-16 00:00:00tEj.1w2022-02-16yBKk35IINV2022 c67237d67237